| 000 | 00813nam a2200229Ia 4500 | ||
|---|---|---|---|
| 003 | IN-BaIIA | ||
| 008 | 211028s9999 xx 000 0 eng d | ||
| 040 | _cIIA Library | ||
| 080 |
_a084.4:523.9-355 _bMOH |
||
| 100 |
_aMohler, Orren C. _913077 |
||
| 245 | 0 |
_aPhotometric atlas of the near infra-red solar spectrum lamda 8465 to lamda 25,242 _cOrren C. Mohler… [et al.] |
|
| 260 |
_aAnn Arbor _bUniversity of Michigan Press _c1950 |
||
| 300 | _a[various pagings.] | ||
| 500 | _aDonated by Mrs. Bappu | ||
| 650 | _aAstronomy and Astrophysics Thesaurus | ||
| 650 |
_aAtlas-Solar spectrum _93118 |
||
| 650 |
_aSolar spectrum atlas _93119 |
||
| 700 |
_aGoldberg, Leo _91292 |
||
| 700 |
_aMcMath, Robert R. _913078 |
||
| 700 |
_aPierce, Keith A. _913079 |
||
| 942 | _cBK | ||
| 999 |
_c7736 _d7736 |
||